Normal view
MARC view
Entry Personal Name
001 - CONTROL NUMBER
- control field: 30205
003 - CONTROL NUMBER IDENTIFIER
- control field: OSt
005 - DATE AND TIME OF LATEST TRANSACTION
- control field: 20260618125810.0
008 - FIXED-LENGTH DATA ELEMENTS
- fixed length control field: 260618|| aca||aabn | a|a d
040 ## - CATALOGING SOURCE
- Original cataloging agency: OSt
- Transcribing agency: OSt
100 ## - HEADING--PERSONAL NAME
- Personal name: Laura Wood (Editorial vice President)
670 ## - SOURCE DATA FOUND
- Source citation: Work cat.: (OSt)24789: Holy Elements of Literature, 2005
